[Event "FICGS class D 000159 email"]
[Site "FICGS email"]
[Date "2010.10.26"]
[Round "1"]
[White "Murray, Findlay"]
[Black "Yin, Wenlin"]
[Result "0-1"]
[WhiteElo "1506"]
[BlackElo "1506"]
[PlyCount "34"]
[EventDate "2010.??.??"]
[EventType "tourn (corr)"]
[EventRounds "6"]
[SourceTitle "Corr 2013"]
[Source "ChessBase"]
[SourceDate "2012.11.12"]
[SourceVersion "1"]
[SourceVersionDate "2012.11.12"]
[SourceQuality "1"]

1. e4 c5 2. c3 g6 3. d4 cxd4 4. cxd4 d5 5. e5 Bg7 6. Nc3 Nc6 7. Bb5 f6 8. exf6 exf6 9. Nge2 Nge7 10. 0-0 0-0 11. Nf4 g5 12. Nh5 Bf5 13. Nxg7 Kxg7 14. Re1 a6 15. Ba4 Bg6 16. Be3 Nf5 17. Bb3 Bf7 0-1

[Event "FICGS W-ch st1 g09 email"]
[Site "FICGS email"]
[Date "2010.07.02"]
[Round "1"]
[White "Gray, Garvin"]
[Black "Murray, Findlay"]
[Result "1-0"]
[WhiteElo "2160"]
[BlackElo "1464"]
[PlyCount "27"]
[EventDate "2010.??.??"]
[EventType "tourn (corr)"]
[EventRounds "6"]
[SourceTitle "Corr 2013"]
[Source "ChessBase"]
[SourceDate "2012.11.12"]
[SourceVersion "1"]
[SourceVersionDate "2012.11.12"]
[SourceQuality "1"]

1. e4 e6 2. d4 d5 3. Nc3 dxe4 4. Nxe4 Bd7 5. Nf3 Bc6 6. Bd3 Nd7 7. Bf4 Ngf6 8. Nxf6+ Nxf6 9. 0-0 Bxf3 10. Qxf3 c6 11. Be5 Bd6 12. Qg3 Bxe5 13. dxe5 Nd5 14. Qxg7 1-0

[Event "FICGS W-ch st1 g09 email"]
[Site "FICGS email"]
[Date "2010.07.02"]
[Round "1"]
[White "Murray, Findlay"]
[Black "Bullerkotte, Frank"]
[Result "0-1"]
[WhiteElo "1464"]
[BlackElo "2015"]
[PlyCount "46"]
[EventDate "2010.??.??"]
[EventType "tourn (corr)"]
[EventRounds "6"]
[SourceTitle "Corr 2013"]
[Source "ChessBase"]
[SourceDate "2012.11.12"]
[SourceVersion "1"]
[SourceVersionDate "2012.11.12"]
[SourceQuality "1"]

1. e4 c6 2. d4 d5 3. Nc3 dxe4 4. Nxe4 Bf5 5. Ng3 Bg6 6. h4 h6 7. Nf3 Nd7 8. h5 Bh7 9. Bd3 Bxd3 10. Qxd3 Ngf6 11. Bd2 Qc7 12. 0-0-0 e6 13. Ne4 0-0-0 14. g3 Nc5 15. Nxc5 Bxc5 16. c4 Bd6 17. Qe2 c5 18. Bc3 cxd4 19. Bxd4 Qa5 20. Kb1 Qf5+ 21. Ka1 Bb8 22. Ne5 Rxd4 23. Rxd4 Qxe5 0-1

[Event "FICGS W-ch st1 g09 email"]
[Site "FICGS email"]
[Date "2010.07.02"]
[Round "1"]
[White "Murray, Findlay"]
[Black "Chhawchharia, Gaurav"]
[Result "0-1"]
[WhiteElo "1464"]
[BlackElo "1255"]
[PlyCount "32"]
[EventDate "2010.??.??"]
[EventType "tourn (corr)"]
[EventRounds "6"]
[SourceTitle "Corr 2013"]
[Source "ChessBase"]
[SourceDate "2012.11.12"]
[SourceVersion "1"]
[SourceVersionDate "2012.11.12"]
[SourceQuality "1"]

1. e4 e5 2. Nf3 d6 3. d4 exd4 4. Nxd4 Nd7 5. Bc4 Ngf6 6. Nc3 Ne5 7. Bb3 h6 8. 0-0 Be7 9. Nf5 Bxf5 10. exf5 Qd7 11. Nd5 c6 12. Nxe7 Qxe7 13. Re1 0-0-0 14. f4 Nfg4 15. fxe5 Qh4 16. Bf4 Qf2+ 0-1

[Event "FICGS W-ch st1 g09 email"]
[Site "FICGS email"]
[Date "2010.07.02"]
[Round "1"]
[White "Murray, Findlay"]
[Black "Comes Dumoulin, Ruben Marcelo"]
[Result "0-1"]
[WhiteElo "1464"]
[BlackElo "1800"]
[PlyCount "42"]
[EventDate "2010.??.??"]
[EventType "tourn (corr)"]
[EventRounds "6"]
[SourceTitle "Corr 2013"]
[Source "ChessBase"]
[SourceDate "2012.11.12"]
[SourceVersion "1"]
[SourceVersionDate "2012.11.12"]
[SourceQuality "1"]

1. e4 c5 2. c3 Nf6 3. e5 Nd5 4. d4 cxd4 5. cxd4 g6 6. Qb3 e6 7. Nf3 Nc6 8. Nc3 Nxc3 9. bxc3 b6 10. Be2 Bb7 11. 0-0 Na5 12. Qb2 Rc8 13. Bg5 Be7 14. Bxe7 Qxe7 15. Rac1 Bxf3 16. Bxf3 Nc4 17. Qe2 Rc7 18. Rfd1 0-0 19. Be4 Qa3 20. Bd3 Nb2 21. Rd2 Nxd3 0-1

[Event "FICGS W-ch st1 g14 email"]
[Site "FICGS email"]
[Date "2009.02.03"]
[Round "1"]
[White "Bellegotti, Giorgio"]
[Black "Murray, Findlay"]
[Result "1-0"]
[WhiteElo "1984"]
[BlackElo "1660"]
[PlyCount "55"]
[EventDate "2009.??.??"]
[EventType "tourn (corr)"]
[EventRounds "8"]
[SourceTitle "Corr 2022"]
[Source "ChessBase"]
[SourceDate "2021.10.24"]
[SourceVersion "1"]
[SourceVersionDate "2021.10.24"]
[SourceQuality "1"]

1. d4 Nf6 2. c4 g6 3. Nc3 Bg7 4. e4 d6 5. Nf3 0-0 6. Be2 e5 7. 0-0 exd4 8. Nxd4 Re8 9. f3 Nc6 10. Be3 Nh5 11. Qd2 Nf4 12. Rfd1 Nxe2+ 13. Ndxe2 Be6 14. b3 f5 15. Rac1 Qe7 16. Nd5 Qf7 17. exf5 Bxf5 18. Ng3 Be6 19. Ne4 Ne5 20. Re1 Rf8 21. Ng5 Qd7 22. Nxe6 Qxe6 23. Nxc7 Qf5 24. Nxa8 Rxa8 25. Qd5+ Kh8 26. Qxb7 Rf8 27. Rcd1 Rf6 28. Bxa7 1-0

[Event "FICGS W-ch st1 g14 email"]
[Site "FICGS email"]
[Date "2009.02.03"]
[Round "1"]
[White "Murray, Findlay"]
[Black "Vasquez, Fernando Jose Pinto"]
[Result "0-1"]
[WhiteElo "1660"]
[BlackElo "1981"]
[PlyCount "30"]
[EventDate "2009.??.??"]
[EventType "tourn (corr)"]
[EventRounds "8"]
[SourceTitle "Corr 2022"]
[Source "ChessBase"]
[SourceDate "2021.10.24"]
[SourceVersion "1"]
[SourceVersionDate "2021.10.24"]
[SourceQuality "1"]

1. e4 e5 2. Nf3 Nf6 3. Nxe5 d6 4. Nf3 Nxe4 5. d3 Nf6 6. d4 Be7 7. Bd3 0-0 8. 0-0 c5 9. c3 Nc6 10. Bg5 h6 11. Bh4 Bg4 12. dxc5 dxc5 13. h3 Bxf3 14. Qxf3 Ne5 15. Qe2 Nxd3 0-1

[Event "FICGS W-ch st1 g14 email"]
[Site "FICGS email"]
[Date "2009.02.03"]
[Round "1"]
[White "Svensson, Leif"]
[Black "Murray, Findlay"]
[Result "1-0"]
[WhiteElo "1800"]
[BlackElo "1660"]
[PlyCount "31"]
[EventDate "2009.??.??"]
[EventType "tourn (corr)"]
[EventRounds "8"]
[SourceTitle "Corr 2022"]
[Source "ChessBase"]
[SourceDate "2021.10.24"]
[SourceVersion "1"]
[SourceVersionDate "2021.10.24"]
[SourceQuality "1"]

1. e4 e5 2. Nf3 Nc6 3. d4 exd4 4. Nxd4 Qh4 5. Nc3 Bb4 6. Be2 Qxe4 7. Ndb5 Bxc3+ 8. bxc3 Kd8 9. 0-0 a6 10. Bf3 Qc4 11. Nd6 cxd6 12. Qxd6 Nge7 13. Bf4 Qe6 14. Qc7+ Ke8 15. Rfe1 Qf6 16. Bd6 1-0

[Event "FICGS class D 000111 email"]
[Site "FICGS email"]
[Date "2008.12.16"]
[Round "1"]
[White "Murray, Findlay"]
[Black "Toutaoui, Khaled"]
[Result "1-0"]
[WhiteElo "1754"]
[BlackElo "1597"]
[PlyCount "87"]
[EventDate "2008.??.??"]
[EventType "tourn (corr)"]
[EventRounds "6"]
[SourceTitle "Corr 2022"]
[Source "ChessBase"]
[SourceDate "2021.10.24"]
[SourceVersion "1"]
[SourceVersionDate "2021.10.24"]
[SourceQuality "1"]

1. e4 c5 2. c3 d6 3. d4 cxd4 4. cxd4 Nf6 5. Nc3 e6 6. Nf3 Be7 7. Bd3 0-0 8. 0-0 Nc6 9. Be3 b6 10. Rc1 Bb7 11. a3 Rc8 12. Qc2 h6 13. Qd2 Re8 14. Bb1 Na5 15. Qd3 Qd7 16. Ba2 Bc6 17. b4 Nb7 18. b5 Bxe4 19. Nxe4 Nxe4 20. Qxe4 Na5 21. a4 Rxc1 22. Rxc1 Rc8 23. Rxc8+ Qxc8 24. Bd2 Nb7 25. Qc6 Qb8 26. h3 Nd8 27. Qe8+ Bf8 28. Bf4 Qc7 29. Bb3 Qe7 30. Qxe7 Bxe7 31. Kf1 g5 32. Bd2 f5 33. Bb4 Kf7 34. Ke2 Kf6 35. Kd3 Nf7 36. Nd2 h5 37. Nc4 g4 38. hxg4 hxg4 39. Ne3 Ng5 40. a5 Ne4 41. f3 gxf3 42. gxf3 Ng3 43. axb6 Kg5 44. bxa7 1-0

[Event "FICGS class D 000111 email"]
[Site "FICGS email"]
[Date "2008.12.16"]
[Round "1"]
[White "Parmet, Daniel Edward"]
[Black "Murray, Findlay"]
[Result "1-0"]
[WhiteElo "1719"]
[BlackElo "1754"]
[PlyCount "35"]
[EventDate "2008.??.??"]
[EventType "tourn (corr)"]
[EventRounds "6"]
[SourceTitle "Corr 2022"]
[Source "ChessBase"]
[SourceDate "2021.10.24"]
[SourceVersion "1"]
[SourceVersionDate "2021.10.24"]
[SourceQuality "1"]

1. e4 e5 2. Nf3 Nc6 3. Bb5 Bc5 4. Nxe5 Qh4 5. 0-0 Nxe5 6. d4 Ng4 7. h3 Nxf2 8. Rxf2 Bb6 9. c4 c6 10. c5 Bc7 11. Qf3 Qf6 12. Qb3 Qg6 13. Bc4 Qg3 14. Bxf7+ Ke7 15. Bxg8 d5 16. cxd6+ Bxd6 17. e5 Bc7 18. Qxg3 1-0

[Event "FICGS theme 0000 email"]
[Site "FICGS email"]
[Date "2008.12.04"]
[Round "1"]
[White "Murray, Findlay"]
[Black "Inving, Yugi"]
[Result "0-1"]
[WhiteElo "1754"]
[BlackElo "1272"]
[PlyCount "68"]
[EventDate "2008.??.??"]
[EventType "swiss (corr)"]
[EventRounds "1"]
[SourceTitle "Corr 2022"]
[Source "ChessBase"]
[SourceDate "2021.10.24"]
[SourceVersion "1"]
[SourceVersionDate "2021.10.24"]
[SourceQuality "1"]

1. b4 e6 2. Bb2 Nf6 3. b5 d5 4. e3 Bd6 5. Nf3 Bd7 6. c4 a6 7. cxd5 exd5 8. a4 axb5 9. axb5 Rxa1 10. Bxa1 0-0 11. d4 c6 12. bxc6 Nxc6 13. Bd3 Qe7 14. 0-0 Nb4 15. Bb2 h6 16. Nc3 Nxd3 17. Qxd3 Rb8 18. Nb5 Bxh2+ 19. Nxh2 Qb4 20. Nc3 Qxb2 21. Rb1 Qa3 22. Qc2 Rc8 23. Nb5 Qa6 24. Qb3 Bf5 25. Re1 Qa5 26. Nf3 Rc6 27. Na3 Rc3 28. Qxb7 Qxa3 29. Ne5 Be6 30. Rb1 Rc1+ 31. Rxc1 Qxc1+ 32. Kh2 Ne4 33. Qb8+ Kh7 34. Qc7 Qxc7 0-1

[Event "FICGS class C 000089 email"]
[Site "FICGS email"]
[Date "2008.08.07"]
[Round "1"]
[White "Kepinski, Janusz"]
[Black "Murray, Findlay"]
[Result "0-1"]
[WhiteElo "1657"]
[BlackElo "1700"]
[PlyCount "60"]
[EventDate "2008.??.??"]
[EventType "tourn (corr)"]
[EventRounds "4"]
[SourceTitle "Corr 2022"]
[Source "ChessBase"]
[SourceDate "2021.10.24"]
[SourceVersion "1"]
[SourceVersionDate "2021.10.24"]
[SourceQuality "1"]

1. d4 d5 2. c4 dxc4 3. Nf3 Nf6 4. e3 e6 5. Bxc4 c5 6. 0-0 a6 7. a4 Nc6 8. Nc3 Be7 9. Re1 0-0 10. dxc5 Bxc5 11. Qc2 Qe7 12. b3 e5 13. Bb2 Bg4 14. Be2 Rfd8 15. Rad1 Bb4 16. h3 Bh5 17. Nh2 Bxe2 18. Rxe2 Rxd1+ 19. Nxd1 Rd8 20. Nf3 e4 21. Bxf6 Qxf6 22. Nh2 Qe6 23. Nf1 Rd3 24. Ng3 Qxb3 25. Qxb3 Rxb3 26. Nxe4 Rb1 27. Kh2 Rxd1 28. Ra2 Kf8 29. g3 h6 30. h4 f5 0-1

[Event "FICGS rapid B 000097 email"]
[Site "FICGS email"]
[Date "2008.08.04"]
[Round "1"]
[White "Murray, Findlay"]
[Black "Munteanu, Sergiu"]
[Result "1-0"]
[WhiteElo "1700"]
[BlackElo "1800"]
[PlyCount "69"]
[EventDate "2008.??.??"]
[EventType "tourn (rapid)"]
[EventRounds "6"]
[SourceTitle "Corr 2022"]
[Source "ChessBase"]
[SourceDate "2021.10.24"]
[SourceVersion "1"]
[SourceVersionDate "2021.10.24"]
[SourceQuality "1"]

1. e4 e5 2. Nf3 d6 3. d4 exd4 4. Nxd4 Nf6 5. Nc3 d5 6. Qe2 dxe4 7. Nxe4 Nxe4 8. Qxe4+ Qe7 9. Bd3 Qxe4+ 10. Bxe4 Bc5 11. Be3 0-0 12. 0-0-0 Re8 13. Bf3 c6 14. Rhe1 Bxd4 15. Bxd4 Be6 16. Bg4 Nd7 17. Bxe6 Rxe6 18. Rxe6 fxe6 19. Bxg7 Nc5 20. Bd4 Na6 21. Be3 b6 22. Rd6 c5 23. Rxe6 Nb4 24. a3 Nd5 25. c4 Nxe3 26. Rxe3 Rf8 27. f3 Rf4 28. Re4 Rf7 29. Kd2 Rd7+ 30. Ke2 Kf7 31. g4 Kg6 32. f4 h5 33. h3 Rh7 34. Re6+ Kf7 35. Rc6 1-0

[Event "FICGS rapid B 000097 email"]
[Site "FICGS email"]
[Date "2008.08.04"]
[Round "1"]
[White "Salonen, Jukka"]
[Black "Murray, Findlay"]
[Result "1-0"]
[WhiteElo "1859"]
[BlackElo "1700"]
[PlyCount "47"]
[EventDate "2008.??.??"]
[EventType "tourn (rapid)"]
[EventRounds "6"]
[SourceTitle "Corr 2022"]
[Source "ChessBase"]
[SourceDate "2021.10.24"]
[SourceVersion "1"]
[SourceVersionDate "2021.10.24"]
[SourceQuality "1"]

1. e4 e5 2. Nf3 Nc6 3. Bb5 Nf6 4. 0-0 Nxe4 5. Re1 Nd6 6. Bxc6 dxc6 7. Qe2 Be6 8. Qxe5 Qf6 9. Qxf6 gxf6 10. Nc3 0-0-0 11. d3 Rg8 12. Nd4 Bd5 13. Nxd5 cxd5 14. b4 Bg7 15. Bf4 f5 16. Be5 Bf8 17. c3 Kd7 18. g3 Bh6 19. Bxd6 cxd6 20. Nxf5 Bd2 21. Re7+ Kc6 22. Rxf7 Rd7 23. Ne7+ Kb5 24. a4+ 1-0